Movement of industrial wages in India (Record no. 434513)

000 -LEADER
fixed length control field 00361cam a22001337a 4500
008 - FIXED-LENGTH DATA ELEMENTS--GENERAL INFORMATION
fixed length control field 180718b1955 xxu||||| |||| 00| 0 eng d
082 ## - DEWEY DECIMAL CLASSIFICATION NUMBER
Classification number R22x54 Si64
100 ## - MAIN ENTRY--PERSONAL NAME
Personal name Singh, Raghuraj
245 ## - TITLE STATEMENT
Title Movement of industrial wages in India
Statement of responsibility, etc. by Raghuraj Singh
260 ## - PUBLICATION, DISTRIBUTION, ETC.
Place of publication, distribution, etc. Bombay
Name of publisher, distributor, etc. Asia
Date of publication, distribution, etc. 1955
300 ## - PHYSICAL DESCRIPTION
Extent 346p.
650 ## - SUBJECT ADDED ENTRY--TOPICAL TERM
Topical term or geographic name entry element Industrial Labour-India
650 ## - SUBJECT ADDED ENTRY--TOPICAL TERM
Topical term or geographic name entry element Wages
Holdings
Withdrawn status Lost status Damaged status Not for loan Permanent Location Current Location Date acquired Full call number Barcode Date last seen Price effective from Koha item type
        Indian Institute of Public Administration Indian Institute of Public Administration 2010-02-16 R22x54 Si64 1841 2018-07-21 2018-07-21 Book

Powered by Koha